El Estado y su influencia en el desarrollo socioeconómico de Nicaragua

Guardado en:
Bibliografiske detaljer
Hovedforfatter: Medina Carrasco, Henry E.
Format: Texto
Udgivet: Managua :
Fag:
Tags: Tilføj Tag
Ingen Tags, Vær først til at tagge denne postø!

MARC

LEADER 00000 a a2200000 04500
001 14744
003
040
090 |a 022200  
100 |a Medina Carrasco, Henry E.  
245 |a El Estado y su influencia en el desarrollo socioeconómico de Nicaragua  
260 |a Managua :  
300 |a 18 p  
650 |a ESTADO  
650 |a DESARROLLO ECONOMICO Y SOCIAL  
999 |c 14772  |d 14772